000 00602nam a2200229Ia 4500
003 OSt
005 20221007073049.0
006 a|||||r|||| 00| 0
007 ta
008 221006b |||||||| |||| 00| 0 eng d
024 _a14,926
037 _cTextual
040 _aFLL
_cFLL
_beng
041 _2eng
_aeng
082 _aV2:28wM25, B7
100 _aKeene H.G. Au.
_9691852
245 0 _aServant of john company
260 _aLondon
_bW.Thacker & co. London
_c1897
300 _a337p
_ccm.
942 _hV2:28wM25, B7
_cTEXL
_2CC
999 _c1147605
_d1147605